| 000 | 01989nam a2200457 a 4500 | ||
|---|---|---|---|
| 001 | ebr10529562 | ||
| 003 | CaPaEBR | ||
| 006 | m u | ||
| 007 | cr cn||||||||| | ||
| 008 | 101220s2011 cauab sb 001 0 eng d | ||
| 010 | _z 2010052331 | ||
| 020 | _z9780520269545 (cloth alk. paper) | ||
| 020 | _z9780520269552 (pbk. alk. paper) | ||
| 020 | _z9780520950399 (e-book) | ||
| 040 |
_aCaPaEBR _cCaPaEBR |
||
| 035 | _a(OCoLC)784363778 | ||
| 043 | _aa-ii--- | ||
| 050 | 1 | 4 |
_aDS480.4 _b.R37 2011eb |
| 082 | 0 | 4 |
_a320.540954 _222 |
| 100 | 1 |
_aRamnath, Maia, _d1973- |
|
| 245 | 1 | 0 |
_aHaj to Utopia _h[electronic resource] : _bhow the Ghadar movement charted global radicalism and attempted to overthrow the British empire / _cMaia Ramnath. |
| 260 |
_aBerkeley, Calif. : _bUniversity of California Press, _cc2011. |
||
| 300 |
_axiv, 327 p. : _bill., maps. |
||
| 490 | 1 |
_aThe California world history library ; _vno. 19 |
|
| 504 | _aIncludes bibliographical references (p. 303-311) and index. | ||
| 533 |
_aElectronic reproduction. _bPalo Alto, Calif. : _cebrary, _d2011. _nAvailable via World Wide Web. _nAccess may be limited to ebrary affiliated libraries. |
||
| 610 | 2 | 0 |
_aHindustan Gadar Party _xHistory _y20th century. |
| 650 | 0 |
_aNationalism _xHistory _y20th century. |
|
| 650 | 0 |
_aSocial movements _xHistory _y20th century. |
|
| 650 | 0 |
_aPolitical activists _xHistory _y20th century. |
|
| 650 | 0 |
_aSocial reformers _xHistory _y20th century. |
|
| 650 | 0 |
_aRevolutionaries _xHistory _y20th century. |
|
| 650 | 0 |
_aWorld politics _y1900-1918. |
|
| 650 | 0 |
_aWorld politics _y1919-1932. |
|
| 651 | 0 |
_aIndia _xPolitics and government _y20th century. |
|
| 651 | 0 |
_aIndia _xHistory _xAutonomy and independence movements. |
|
| 655 | 7 |
_aElectronic books. _2local |
|
| 710 | 2 | _aebrary, Inc. | |
| 830 | 0 |
_aCalifornia world history library ; _v19. |
|
| 856 | 4 | 0 |
_uhttp://site.ebrary.com/lib/rucke/Doc?id=10529562 _zAn electronic book accessible through the World Wide Web; click to view |
| 999 |
_c145852 _d145852 |
||